000 00558nam a2200229Ia 4500
003 OSt
005 20221005130558.0
006 a|||||r|||| 00| 0
007 ta
008 221004b |||||||| |||| 00| 0 kan d
024 _a61222
037 _cTextual
040 _aCRL
_cCRL
_bkan
041 _2kan
_akan
082 _aO33,3NSU,1, K2
100 _aSundaraj Au.
_9638328
245 0 _aRose marry
260 _c1962
650 _aKANNAD FICTION
942 _hO33,3NSU,1, K2
_cTEXL
_2cc
999 _c1057699
_d1057699